Serenády, op. 9 piano /

Hlavní autor: Novák, Vítězslav, 1870-1949
Jazyk: Nelze použít, není lingvistický obsah
Vydáno: Praha : Státní hudební vydavatelství, 1962
Vydání: 1. vyd.
Fyzický popis: 13 s.
Hudebniny Hudebniny
Uloženo v:
LEADER 00704ncm a22002172a 4500
001 000191635
003 CZ BrMZK
005 20120904124431.0
007 qu
008 960101s1962 xr f zxx d
040 |a BOA001  |b cze 
072 7 |a 786  |x Hudba pro klávesové nástroje  |2 Konspekt  |9 9 
100 1 |a Novák, Vítězslav,  |d 1870-1949  |7 jk01090543  |4 cmp 
245 1 0 |a Serenády, op. 9  |h [hudebnina] :  |b piano /  |c Vítězslav Novák 
250 |a 1. vyd. 
260 |a Praha :  |b Státní hudební vydavatelství,  |c 1962 
300 |a 13 s. 
910 |a BOA001  |b Mus4-0470.715 
990 |a MU 
991 |b 201209 
996 6 |b 2619909970  |c Mus4-0470.715  |l MZK  |r Sklad / do 1 hodiny  |n 7  |w 000191635  |u 000010  |a 1  |e BOA001  |j MZK50  |s P